000 01768nam0a22003251 4500
001 rc\4586898
005 20130416192103.5
021 _aRU
_b[69-95443]
035 _a(NLR Aleph) 008659538
090 _a9052657
_c9052657
100 _a20130416g19681969|||y0rusy50 ca
101 0 _arus
102 _aRU
105 _ay z |||||
200 1 _aМетодические материалы по расчету важнейших показателей плана промышленных предприятий и образованию поощрительных фондов в новых условиях планирования
_e(Для предприятий пищевой пром-сти)
_fВоронежский гос. ун-т. Науч.-исслед. экон. ин-т. Отраслевая науч.-исслед. лаборатория экономики и организации производства и труда М-ва пищевой пром-сти РСФСР
210 _aВоронеж
_cБ. и.
_d1968 [вып. дан. 1969]
215 _a88 с.
_d20
300 _aНа 2-й с. сост.: Бусарев С.Г., Гончарук Л.М., Заикин И.В. и др.
320 _aБиблиогр.: с. 88 (12 назв.)
606 _aПищевые предприятия
_xПланирование
_2psbo
606 _aФонд экономического стимулирования предприятия
_2psbo
702 1 _aЗаикин
_bИ. В.
_4220
702 1 _aГончарук
_bЛ. М.
_4220
702 1 _aБусарев
_bС. Г.
_4220
712 0 2 _aВоронежский ун-т
_3RU\NLR\AUTH\889921742
801 0 _aRU
_bNLR
_gpsbo
801 1 _aRU
_bELAR
_2rusmarc
852 _aNLR
_j69-4/27720
942 _cBOOK
980 _aNB